000 00801cab a2200193 4500
001 WB2747-23
008 090401t1991 xxu||||| |||| 00| 0 eng d
035 _a(Sirsi) u56375
041 _aeng
245 _aEnduring allure of bricks and mortar
260 _c1991
350 _a0
490 _aEvening Standard
_v28 November 1991, 35(1)
520 _aAgainst a depressing backdrop of repossessions, fewer transactions and lower house prices, surveys conducted by the Building Societies` Association indicate that people increasingly favour owner-occupation as their ideal tenure, suggesting that poor market conditions will have only a short term effect.
650 _aHOME OWNERSHIP
690 _aPROPERTY-RESIDENTIAL PROPERTY-RESIDENTIAL PROPERTY MARKET
942 _n0
948 _c04/03/1997
999 _c34377
_d34377